00684nam a2200205 4500003001100000005001700011008004100028020001500069040003900084041000800123082001400131245007200145260003100217300004000248490005600288650004200344650003700386700002900423700002600452LK-CoMWRAF20231109123743.0230819b2003 |||||||| |||| 00| 0 eng d a1842771477 aLK-CoMWRAFdLK-CoMWRAFeLK-CoMWRAF aeng a306.2bNO aNo shortcuts to power:bAfrican women in politics and policy making aLondon:b Zed Books,c2003 ax, 246 p. ; |22 cm.bIndex included aDemocratic transition in conflict-torn societiesv3 aWOMEN-POLITICAL ACTIVITY-SOUTH AFRICA aUganda -Politics and government  aGoetz, Anne-Marie eed. aHassim, Shireen eed.